000 00282nam a22001337a 4500
008 181030b xxu||||| |||| 00| 0 eng d
020 _a9780816068821
041 _aeng
080 _a573
100 _a11
101 _aBIO
245 _aAnimal Cloning
_cPanno,J
942 _2udc
_cBK
999 _c51099
_d51099